Alle ESC Gewinner - Statistiken

Allgemein
  • Dieses Quiz wurde 850 mal gespielt
    75 seit der letzten Aktualisierung
  • Das Durchschnittsergebnis liegt bei 25 aus 28
Antwortstatistiken
Hint Antwort % Korrekt
3 Italien
100%
2 Deutschland
98%
3 Österreich
98%
1 Russland
98%
7 Schweden
98%
5 Vereinigtes Königreich
98%
1 Bulgarien
97%
1 Finnland
97%
7 Irland
97%
3 Norwegen
97%
3 Schweiz
97%
1 Belgien
95%
5 Frankreich
95%
5 Niederlande
95%
1 Portugal
94%
2 Spanien
94%
1 Griechenland
92%
3 Dänemark
91%
4 Israel
89%
5 Luxemburg
89%
3 Ukraine
88%
1 Lettland
86%
1 Estland
85%
1 Serbien
82%
1 Türkei
80%
1 Aserbaidschan
67%
1 Monaco
64%
1 Jugoslawien
50%
Keine übereinstimmenden Quizze gefunden
Verteilung der Resultate
Anzahl Personen mit jedem Resultat
Perzentil nach korrekt beantworteten Fragen
Ihre Resultats-Entwicklung
Sie haben dieses Quiz seit der letzten Aktualisierung nicht gespielt